The Office Trivia #T - Statistics

General Stats
  • This quiz has been taken 33 times
  • The average score is 9 of 15
Answer Stats
Hint Answer % Correct
HR Toby Flenderson
100%
Michaels favorite joke Thats what she said
93%
Travelling sales man Todd Packer
85%
Michaels homemade movie Threat Level Midnight
78%
Where Sabre headquarters are located Tallahassee
63%
Darryl convinces Michael that gang members do this to diffuse tensions Tickle
63%
Well well well, how the turntables
63%
Jim purposefuly doesnt guess this movie star during charades with Michael Tom Cruise
59%
Kelly buys this of Creed to help lose weight Tapeworm
56%
Stanleys gift for Phyllis' wedding Toaster
56%
Andy sings this song to Angela to ask her out Take A Chance On Me
44%
Jans assistant made this song That One Night
44%
Name of Stanleys second wife Teri
41%
Hitman hired by Angela to kill Oscar Trevor
22%
What is taped under the kitchen table Throwing star
19%
No matching quizzes found
Score Distribution
Percent of People with Each Score
Percentile by Number Answered
Your Score History
You have not taken this quiz